[Event "Cto de Aragon por Equipos D. Honor"]
[Site "?"]
[Date "2020.02.22"]
[Round "5.1"]
[White "Baron Rodriguez, Jesus"]
[Black "Romero Pallares, Daniel"]
[Result "1/2-1/2"]
[WhiteElo "2418"]
[BlackElo "2184"]
[PlyCount "59"]
[EventDate "2020.01.25"]
[WhiteTeam "IberCaja"]
[BlackTeam "Palacio De Pioneros A"]

1. d4 g6 2. Bg5 Bg7 3. e3 d6 4. Nd2 Nf6 5. Bd3 O-O 6. Ne2 c5 7. c3 b6 8. O-O
Bb7 9. a4 a6 10. b4 Nbd7 11. Qb3 Qc7 12. Rfc1 Rfc8 13. h3 e5 14. e4 d5 15. exd5
exd4 16. cxd4 Bxd5 17. Bc4 Qd6 18. dxc5 bxc5 19. Nc3 Nb6 20. Bxf6 Bxc4 21. Nxc4
Qxf6 22. bxc5 Nxc4 23. Qxc4 Qd4 24. Qxd4 Bxd4 25. Rab1 Rxc5 26. Ne2 Rxc1+ 27.
Rxc1 Bf6 28. Rc6 Kg7 29. Nf4 a5 30. Nd5 1/2-1/2

[Event "Cto de Aragon por Equipos D. Honor"]
[Site "?"]
[Date "2020.02.22"]
[Round "5.2"]
[White "Baquedano Coarasa, Pablo"]
[Black "Lopez Gracia, Fernando"]
[Result "0-1"]
[WhiteElo "2163"]
[BlackElo "2293"]
[PlyCount "76"]
[EventDate "2020.01.25"]
[WhiteTeam "Palacio De Pioneros A"]
[BlackTeam "IberCaja"]

1. d4 d5 2. c4 e6 3. Nc3 a6 4. e3 Nf6 5. Nf3 dxc4 6. Bxc4 b5 7. Be2 Bb7 8. O-O
Nbd7 9. b3 c5 10. Bb2 Be7 11. a4 b4 12. Nb1 O-O 13. Nbd2 Rc8 14. Nc4 Qc7 15.
Rc1 Rfd8 16. Bd3 Ne4 17. Qe2 Ndf6 18. a5 Nc3 19. Bxc3 bxc3 20. Nb6 Rb8 21. Rxc3
Bd6 22. h3 Qe7 23. Rfc1 Bxf3 24. Qxf3 cxd4 25. exd4 Bb4 26. Rc7 Qd6 27. Bxa6
Bxa5 28. R7c6 Qa3 29. Nc8 Rxb3 30. Qf4 Nd5 31. Qg5 h6 32. Qe5 Bc3 33. Rd1 Qa4
34. Rd6 Rf8 35. Rc1 Bxd4 36. Qe1 Rb2 37. Be2 Qa3 38. Rd1 Rxc8 0-1

[Event "Cto de Aragon por Equipos D. Honor"]
[Site "?"]
[Date "2020.02.22"]
[Round "5.3"]
[White "Moreno Gracia, Daniel"]
[Black "Dan, Teodor"]
[Result "1-0"]
[WhiteElo "2307"]
[BlackElo "2094"]
[PlyCount "95"]
[EventDate "2020.01.25"]
[WhiteTeam "IberCaja"]
[BlackTeam "Palacio De Pioneros A"]

1. c4 Nf6 2. Nc3 g6 3. g3 Bg7 4. Bg2 O-O 5. Nf3 d6 6. O-O Nc6 7. d3 e5 8. Rb1
a5 9. a3 Nd4 10. Nd2 c6 11. b4 axb4 12. axb4 d5 13. b5 Qa5 14. Bb2 Be6 15. e3
Nf5 16. Qe2 Rfe8 17. Nf3 d4 18. Nd1 Nd7 19. bxc6 bxc6 20. Ng5 Qc5 21. Nxe6 fxe6
22. Qf3 Ra6 23. Bc1 Rf8 24. Qe2 Qa7 25. exd4 Nxd4 26. Qe3 Nc5 27. Nc3 Nf5 28.
Qe2 Rd8 29. Rd1 Qa8 30. Ne4 Ra2 31. Qf1 Na4 32. Bg5 Rf8 33. Ra1 Nb2 34. Rxa2
Qxa2 35. Ra1 Qb3 36. Nc5 Qc3 37. Nxe6 Rc8 38. Be4 Qc2 39. Qb1 Qe2 40. Ra7 Nd1
41. Qb6 Nd4 42. Rxg7+ Kh8 43. Rxh7+ Kg8 44. Rg7+ Kh8 45. Rf7 Ra8 46. Bf6+ Kg8
47. Rg7+ Kh8 48. Rxg6+ 1-0

[Event "Cto de Aragon por Equipos D. Honor"]
[Site "?"]
[Date "2020.02.22"]
[Round "5.4"]
[White "Sanjuan Segura, Ignacio"]
[Black "Garcia Vicente, Nieves"]
[Result "1-0"]
[WhiteElo "1719"]
[BlackElo "2175"]
[PlyCount "77"]
[EventDate "2020.01.25"]
[WhiteTeam "Palacio De Pioneros A"]
[BlackTeam "IberCaja"]

1. e4 e5 2. Nf3 Nc6 3. d4 exd4 4. Bc4 Nf6 5. e5 d5 6. Bb5 Ne4 7. Nxd4 Bc5 8.
Be3 Bd7 9. Bxc6 bxc6 10. O-O Qe7 11. f3 Nd6 12. Bf2 Nf5 13. c3 O-O 14. f4 Bb6
15. a4 a5 16. Nd2 c5 17. N4b3 c4 18. Nd4 Rab8 19. Qc2 g6 20. N2f3 c5 21. Nxf5
Bxf5 22. Qd2 Qb7 23. Nh4 Be4 24. f5 f6 25. fxg6 hxg6 26. Bg3 fxe5 27. Bxe5 Rbe8
28. Bd6 Rxf1+ 29. Rxf1 Qh7 30. Qf2 Bd3 31. Re1 Rxe1+ 32. Qxe1 Qf7 33. Nf3 Qd7
34. Qe5 Be4 35. Ng5 Qf5 36. Qe8+ Kg7 37. Ne6+ Kh7 38. Qe7+ Kh6 39. Qg7+ 1-0

[Event "Cto de Aragon por Equipos D. Honor"]
[Site "?"]
[Date "2020.02.22"]
[Round "5.5"]
[White "Antonano Fedz-Quincoces, Avelino"]
[Black "Forcen Esteban, Daniel"]
[Result "0-1"]
[WhiteElo "2041"]
[BlackElo "2548"]
[PlyCount "58"]
[EventDate "2020.01.25"]
[WhiteTeam "St. Casablanca B"]
[BlackTeam "Jaime Casas"]

1. e4 e6 2. d4 d5 3. Nd2 c5 4. c3 cxd4 5. cxd4 dxe4 6. Nxe4 Nf6 7. Bd3 Bd7 8.
Nxf6+ Qxf6 9. Nf3 Bb4+ 10. Kf1 h6 11. h4 Bd6 12. Rh3 Qe7 13. Ne5 Nc6 14. Nxd7
Qxd7 15. Be3 O-O 16. Rc1 Rac8 17. Bb1 Nb4 18. Rxc8 Rxc8 19. Rf3 Qc6 20. Bd2
Qc4+ 21. Qe2 Qxd4 22. Bc3 Qxh4 23. Rh3 Qc4 24. Bd3 Nxd3 25. Rxd3 Bf8 26. b3 Qa6
27. Ke1 Rxc3 28. Rxc3 Bb4 29. Qd2 Qa5 0-1

[Event "Cto de Aragon por Equipos D. Honor"]
[Site "?"]
[Date "2020.02.22"]
[Round "5.6"]
[White "Gines Esteo, Pedro Antonio"]
[Black "Ayensa Garcia, Miguel Angel"]
[Result "1-0"]
[WhiteElo "2482"]
[BlackElo "1970"]
[PlyCount "75"]
[EventDate "2020.01.25"]
[WhiteTeam "Jaime Casas"]
[BlackTeam "St. Casablanca B"]

1. Nf3 Nf6 2. c4 e6 3. b3 Be7 4. Bb2 O-O 5. g3 b6 6. Bg2 Bb7 7. O-O c5 8. Nc3
d5 9. e3 Na6 10. Ne5 Nd7 11. Nxd7 Qxd7 12. cxd5 exd5 13. d4 cxd4 14. Qxd4 Bf6
15. Qd2 Rfd8 16. Rfd1 Nc7 17. Ne2 Bxb2 18. Qxb2 Ne6 19. Rd2 d4 20. Nxd4 Bxg2
21. Rad1 Nxd4 22. Rxd4 Bd5 23. Qd2 Qe6 24. Rxd5 Rxd5 25. Qxd5 Qxd5 26. Rxd5 Kf8
27. Rd7 Ke8 28. Rb7 g5 29. g4 Kf8 30. Kg2 Kg7 31. Kg3 Kg6 32. h4 gxh4+ 33. Kxh4
h6 34. e4 Re8 35. f3 Ra8 36. e5 f5 37. exf6 Kxf6 38. Kh5 1-0

[Event "Cto de Aragon por Equipos D. Honor"]
[Site "?"]
[Date "2020.02.22"]
[Round "5.7"]
[White "Alvarez Gonzalo, Miguel Angel"]
[Black "Ramiro Ovejero, Juan Luis"]
[Result "1/2-1/2"]
[WhiteElo "1788"]
[BlackElo "2348"]
[PlyCount "151"]
[EventDate "2020.01.25"]
[WhiteTeam "St. Casablanca B"]
[BlackTeam "Jaime Casas"]

1. c4 e5 2. Nc3 Bb4 3. g3 Bxc3 4. bxc3 Nf6 5. Bg2 O-O 6. Nf3 e4 7. Ng5 Re8 8.
O-O h6 9. Nh3 b6 10. f3 Bb7 11. Nf2 exf3 12. exf3 d5 13. cxd5 Qxd5 14. Qb3 Nbd7
15. Qxd5 Bxd5 16. d3 Ne5 17. Ne4 Nfd7 18. d4 Nxf3+ 19. Bxf3 Bxe4 20. Bf4 c5 21.
Be2 Bc6 22. Bc4 b5 23. d5 Nb6 24. dxc6 bxc4 25. Rad1 Rac8 26. c7 g5 27. Bd6 Na8
28. Rf6 Nxc7 29. Bxc5 Nb5 30. Bb4 Re6 31. Rxe6 fxe6 32. Rd7 a6 33. Kf2 Nc7 34.
Bd6 Nd5 35. Be5 Rf8+ 36. Ke2 Rf7 37. Rd6 Rb7 38. Rxe6 Rb2+ 39. Kf3 Rxa2 40. Ke4
Ra5 41. Rxh6 Ne7 42. Re6 Kf7 43. Rf6+ Ke8 44. h4 gxh4 45. gxh4 Ra1 46. Rh6 Re1+
47. Kf4 a5 48. Ra6 Kf7 49. h5 Rh1 50. Kg5 Rg1+ 51. Kf4 Rf1+ 52. Ke4 Rh1 53.
Rf6+ Ke8 54. h6 a4 55. Ra6 a3 56. Rxa3 Rxh6 57. Bd4 Re6+ 58. Kf3 Nf5 59. Kf4
Nd6 60. Be5 Nc8 61. Ra4 Nb6 62. Ra5 Rh6 63. Bd4 Nc8 64. Rc5 Nd6 65. Be5 Ke7 66.
Kf3 Rh3+ 67. Ke2 Nf5 68. Bf4 Ke6 69. Rxc4 Kd5 70. Rc8 Ke4 71. Bb8 Re3+ 72. Kd2
Rd3+ 73. Kc2 Ne3+ 74. Kb3 Rd7 75. Rc7 Rxc7 76. Bxc7 1/2-1/2

[Event "Cto de Aragon por Equipos D. Honor"]
[Site "?"]
[Date "2020.02.22"]
[Round "5.8"]
[White "Fontana Sotomayor, Luis Javier"]
[Black "Gasca Uson, Miguel"]
[Result "1-0"]
[WhiteElo "2264"]
[BlackElo "1421"]
[PlyCount "81"]
[EventDate "2020.01.25"]
[WhiteTeam "Jaime Casas"]
[BlackTeam "St. Casablanca B"]

1. d4 Nf6 2. Nf3 e6 3. e3 b6 4. Bd3 Bb7 5. Nbd2 c5 6. O-O Nc6 7. c3 Be7 8. a3
O-O 9. e4 d6 10. Qe2 Qc7 11. Re1 h6 12. e5 Nh7 13. Qe4 f5 14. exf6 Nxf6 15.
Qxe6+ Rf7 16. Bg6 Raf8 17. Nf1 Nd8 18. Qh3 Qd7 19. Qxd7 Nxd7 20. Bxf7+ Rxf7 21.
Ng3 Bxf3 22. gxf3 Bh4 23. Re8+ Kh7 24. Kg2 Nc6 25. Be3 Nf6 26. Re6 Bxg3 27.
fxg3 Na5 28. Re1 Nc4 29. Bc1 d5 30. Re7 Kg8 31. a4 Kf8 32. R7e6 cxd4 33. cxd4
Rc7 34. b4 Kf7 35. Bf4 Rd7 36. Rc6 Kf8 37. Bxh6 gxh6 38. Rxf6+ Kg7 39. Rfe6 Nb2
40. Re7+ Rxe7 41. Rxe7+ 1-0

[Event "Cto de Aragon por Equipos D. Honor"]
[Site "?"]
[Date "2020.02.22"]
[Round "5.9"]
[White "Adla, Diego"]
[Black "Gavin Roche, Enrique"]
[Result "1-0"]
[WhiteElo "2440"]
[BlackElo "2228"]
[PlyCount "69"]
[EventDate "2020.01.25"]
[WhiteTeam "St. Casablanca A"]
[BlackTeam "ONCE C. A. Aragon"]

1. Nf3 d5 2. b3 Bg4 3. e3 e6 4. Bb2 Nd7 5. h3 Bh5 6. d3 Ngf6 7. g4 Bg6 8. Nh4
e5 9. Bg2 c6 10. O-O Bd6 11. c4 dxc4 12. bxc4 O-O 13. Nc3 Nc5 14. Nxg6 hxg6 15.
Qc2 Rc8 16. Rad1 Ne6 17. Ne2 Qc7 18. Ng3 Rfe8 19. Qe2 Rcd8 20. h4 Nc5 21. g5
Nh7 22. Rd2 Nf8 23. Rfd1 Nfe6 24. Qg4 Na4 25. Ba1 Bb4 26. Rc2 Qa5 27. h5 Bc3
28. Be4 Nf8 29. Kg2 Bxa1 30. Rxa1 Nc5 31. Rh1 Nxe4 32. Nxe4 gxh5 33. Nf6+ gxf6
34. Qxh5 Ng6 35. gxf6 1-0

[Event "Cto de Aragon por Equipos D. Honor"]
[Site "?"]
[Date "2020.02.22"]
[Round "5.10"]
[White "Laliena Solanes, Luis"]
[Black "Glavina, Pablo"]
[Result "1/2-1/2"]
[WhiteElo "2185"]
[BlackElo "2405"]
[PlyCount "51"]
[EventDate "2020.01.25"]
[WhiteTeam "ONCE C. A. Aragon"]
[BlackTeam "St. Casablanca A"]

1. d4 Nf6 2. Nf3 d5 3. c4 e6 4. e3 c5 5. a3 dxc4 6. Bxc4 a6 7. dxc5 Qxd1+ 8.
Kxd1 Bxc5 9. b4 Bd6 10. Bb2 b5 11. Bd3 Bb7 12. Nbd2 Nbd7 13. Ke2 e5 14. e4 O-O
15. Rhd1 Rad8 16. Bc3 Nb6 17. Bxe5 Rfe8 18. Bd4 Na4 19. Kf1 Bf4 20. Bc2 Nxe4
21. Nxe4 Bxe4 22. Bxe4 Rxe4 23. Be3 Bc7 24. Rxd8+ Bxd8 25. Rd1 Bf6 26. Bg5
1/2-1/2

[Event "Cto de Aragon por Equipos D. Honor"]
[Site "?"]
[Date "2020.02.22"]
[Round "5.11"]
[White "Bescos Cortes, Daniel"]
[Black "Cobo Garrido, Diego Israel"]
[Result "1-0"]
[WhiteElo "2183"]
[BlackElo "2068"]
[PlyCount "65"]
[EventDate "2020.01.25"]
[WhiteTeam "St. Casablanca A"]
[BlackTeam "ONCE C. A. Aragon"]

1. e4 c5 2. Nc3 e6 3. g3 Nc6 4. Bg2 Nf6 5. Nge2 d5 6. exd5 Nxd5 7. Nxd5 exd5 8.
d4 Be6 9. O-O Qf6 10. Be3 c4 11. Nf4 Rd8 12. c3 Be7 13. b3 Na5 14. bxc4 Nxc4
15. Rb1 Rd7 16. Qa4 O-O 17. Nxd5 Rxd5 18. Qxc4 Rc8 19. Qxc8+ Bxc8 20. Bxd5 b6
21. Bg2 Ba6 22. Rfd1 Bd6 23. Rbc1 Bc4 24. Rd2 h5 25. h4 Qe6 26. d5 Qe8 27. Rd4
Qc8 28. Bf4 Ba3 29. Re1 Bb5 30. d6 Qxc3 31. Rde4 Bc6 32. Re8+ Kh7 33. R8e3 1-0

[Event "Cto de Aragon por Equipos D. Honor"]
[Site "?"]
[Date "2020.02.22"]
[Round "5.12"]
[White "Fuertes Garay, Javier"]
[Black "Chueca Lorente, Javier"]
[Result "1-0"]
[WhiteElo "1987"]
[BlackElo "2137"]
[PlyCount "75"]
[EventDate "2020.01.25"]
[WhiteTeam "ONCE C. A. Aragon"]
[BlackTeam "St. Casablanca A"]

1. e4 c5 2. Nf3 g6 3. d4 cxd4 4. Nxd4 Bg7 5. c4 Nc6 6. Be3 Nf6 7. Nc3 d6 8. Be2
O-O 9. O-O Bd7 10. f4 a5 11. Kh1 Nxd4 12. Bxd4 Bc6 13. Bf3 Qd7 14. Rc1 Rac8 15.
Qd2 b5 16. Nd5 bxc4 17. Nb6 Qb7 18. Nxc8 Rxc8 19. Rxc4 Ra8 20. Bxf6 Bxf6 21.
Rxc6 Qxc6 22. e5 Qa6 23. Be2 Qb6 24. exf6 exf6 25. Bc4 Rc8 26. b3 Kg7 27. Rd1
Re8 28. h3 a4 29. bxa4 h5 30. a5 Qa7 31. a6 Re4 32. Bb5 Qc5 33. a4 h4 34. Rc1
Qa3 35. a7 Rd4 36. Qc2 Qe3 37. a8=Q Rd2 38. Qcc8 1-0

[Event "Cto de Aragon por Equipos D. Honor"]
[Site "?"]
[Date "2020.02.22"]
[Round "5.13"]
[White "Zambrana Petisme, Ramiro"]
[Black "Del Rey, Diego"]
[Result "0-1"]
[WhiteElo "2107"]
[BlackElo "2381"]
[PlyCount "56"]
[EventDate "2020.01.25"]
[WhiteTeam "Palacio De Pioneros B"]
[BlackTeam "El Olivar"]

1. e4 d6 2. d4 Nf6 3. Nc3 c6 4. f4 Qb6 5. Nf3 Bg4 6. e5 Nd5 7. Bc4 e6 8. O-O
Nd7 9. Kh1 O-O-O 10. h3 Bxf3 11. Rxf3 Nxc3 12. Rxc3 dxe5 13. Rb3 Qxd4 14. Qe2
exf4 15. Ba6 Nc5 16. Bxb7+ Nxb7 17. Qa6 Rd7 18. Qxc6+ Rc7 19. Qe8+ Qd8 20.
Qxd8+ Kxd8 21. Bxf4 Rd7 22. a4 Bc5 23. a5 Ke7 24. a6 Nd6 25. Rd1 f6 26. Rc3 Bb6
27. Rc6 e5 28. Bd2 Rc8 0-1

[Event "Cto de Aragon por Equipos D. Honor"]
[Site "?"]
[Date "2020.02.22"]
[Round "5.14"]
[White "Ramo Frontinan, Cristobal"]
[Black "Colom Sienes, Eduardo"]
[Result "0-1"]
[WhiteElo "2318"]
[BlackElo "2074"]
[PlyCount "122"]
[EventDate "2020.01.25"]
[WhiteTeam "El Olivar"]
[BlackTeam "Palacio De Pioneros B"]

1. Nf3 Nf6 2. g3 g6 3. Bg2 Bg7 4. O-O d6 5. d3 O-O 6. e4 c5 7. Nbd2 Nc6 8. c3
Rb8 9. a4 a6 10. Nh4 b5 11. axb5 axb5 12. f4 Qb6 13. h3 c4+ 14. Kh2 cxd3 15.
Nb1 b4 16. Qxd3 bxc3 17. bxc3 Nd7 18. Be3 Nc5 19. Qc2 Ba6 20. Rd1 Rfc8 21. Qa2
Ra8 22. Qf2 Qb3 23. Nd2 Qxc3 24. Rac1 Nd3 25. Qg1 Nxc1 26. Rxc1 Qa5 27. e5 Bb7
28. Nc4 Qa6 29. exd6 Nb4 30. Nb6 Bxg2 31. Nxg2 Rxc1 32. Qxc1 exd6 33. Nxa8 Qxa8
34. Qd2 Nd5 35. Bd4 Bxd4 36. Qxd4 Qc6 37. Qe4 Qc5 38. g4 h6 39. f5 Nf6 40. Qa8+
Kg7 41. fxg6 Qe5+ 42. Kg1 fxg6 43. Qb7+ Kf8 44. Qb8+ Kf7 45. Qc7+ Qe7 46. Qc4+
d5 47. Qd4 Qe4 48. Qa7+ Kf8 49. Qb8+ Ke7 50. Qh8 Qd4+ 51. Kf1 Qd3+ 52. Ke1 Ne4
53. Qg7+ Kd6 54. Qf8+ Kc6 55. Qc8+ Kb5 56. Qb7+ Kc5 57. Qc7+ Kb4 58. Qb6+ Ka3
59. Qa5+ Kb2 60. Qb6+ Kc2 61. Qe3 Qd1# 0-1

[Event "Cto de Aragon por Equipos D. Honor"]
[Site "?"]
[Date "2020.02.22"]
[Round "5.15"]
[White "Gomez Salinas, Nestor"]
[Black "Villuendas Valero, Adrian"]
[Result "1-0"]
[WhiteElo "2029"]
[BlackElo "2265"]
[PlyCount "123"]
[EventDate "2020.01.25"]
[WhiteTeam "Palacio De Pioneros B"]
[BlackTeam "El Olivar"]

1. e4 e6 2. d4 d5 3. Nc3 Nf6 4. Bg5 Be7 5. e5 Nfd7 6. h4 h6 7. Qh5 a6 8. O-O-O
g6 9. Bxe7 Qxe7 10. Qg4 c5 11. f4 cxd4 12. Rxd4 Nc6 13. Rd2 h5 14. Qd1 Nc5 15.
Nf3 Bd7 16. a3 Rc8 17. b4 Ne4 18. Nxe4 dxe4 19. Ng5 Nxb4 20. Rxd7 Na2+ 21. Kb2
Qxd7 22. Qxd7+ Kxd7 23. Nxe4 Rc6 24. Bd3 Rb6+ 25. Kxa2 Rc8 26. Nd6 Rf8 27. Rd1
Ke7 28. Ne4 Rc8 29. Nd6 Rc7 30. Rb1 Rxb1 31. Kxb1 b5 32. Kb2 f6 33. Ne4 fxe5
34. fxe5 Rc8 35. Kb3 Rd8 36. Nd6 Rg8 37. Ne4 Rd8 38. Nf6 Rd4 39. Bxg6 Rxh4 40.
Bxh5 Rh1 41. Bf3 Re1 42. Be4 Re3+ 43. Kb4 Rg3 44. Bf3 Rg5 45. Ng4 Rg8 46. Ka5
Rc8 47. Kxa6 Rxc2 48. Kxb5 Rb2+ 49. Kc4 Ra2 50. Kb3 Ra1 51. Be4 Re1 52. Nf6
Re3+ 53. Kb4 Kd8 54. a4 Kc7 55. a5 Rg3 56. Ne8+ Kb8 57. Kc5 Re3 58. Nf6 Kc7 59.
Ne8+ Kb8 60. Nd6 Kc7 61. a6 Ra3 62. a7 1-0

[Event "Cto de Aragon por Equipos D. Honor"]
[Site "?"]
[Date "2020.02.22"]
[Round "5.16"]
[White "Hernando Garcia, Antonio"]
[Black "Caballero Ortin, Jorge"]
[Result "1-0"]
[WhiteElo "2120"]
[BlackElo "1624"]
[PlyCount "65"]
[EventDate "2020.01.25"]
[WhiteTeam "El Olivar"]
[BlackTeam "Palacio De Pioneros B"]

1. Nf3 d5 2. c4 e6 3. cxd5 exd5 4. d4 Nf6 5. Nc3 c6 6. Bg5 Be7 7. Qc2 g6 8. e3
Bf5 9. Bd3 Bxd3 10. Qxd3 Nbd7 11. O-O O-O 12. Bxf6 Nxf6 13. Rab1 a5 14. Qc2 Nh5
15. a3 f5 16. b4 axb4 17. axb4 Bd6 18. b5 g5 19. g3 Qf6 20. bxc6 bxc6 21. Rb6
f4 22. Rxc6 g4 23. Nd2 Rae8 24. Nxd5 Qd8 25. Qc4 Kh8 26. exf4 Nxf4 27. gxf4
Rxf4 28. Nxf4 Bxf4 29. d5 Be5 30. Ne4 h5 31. Rc1 Qh4 32. Ng3 Qh3 33. Rh6+ 1-0

[Event "Cto de Aragon por Equipos D. Honor"]
[Site "?"]
[Date "2020.02.22"]
[Round "5.17"]
[White "Lana Rodriguez, David"]
[Black "Cid Royo, Jonathan"]
[Result "1-0"]
[WhiteElo "2301"]
[BlackElo "2219"]
[PlyCount "153"]
[EventDate "2020.01.25"]
[WhiteTeam "Agrupacion A"]
[BlackTeam "L'Aurora"]

1. d4 d5 2. c4 c6 3. Nc3 e6 4. e4 dxe4 5. Nxe4 Bb4+ 6. Bd2 Qxd4 7. Bxb4 Qxe4+
8. Be2 Nd7 9. Nf3 c5 10. Bc3 Ngf6 11. Qd6 a5 12. Nd2 Qg6 13. Bd3 Qh6 14. g4 Qh3
15. g5 Nh5 16. Be4 Ra6 17. Qc7 O-O 18. O-O-O e5 19. Bxe5 Nxe5 20. Qxe5 Re6 21.
Qxc5 Nf4 22. Kb1 b6 23. Qc7 Nd3 24. Qg3 Qxg3 25. hxg3 Rxe4 26. Nxe4 Bf5 27.
Rxd3 Bxe4 28. Rhd1 f6 29. gxf6 Rxf6 30. f4 g5 31. Kc1 Bxd3 32. Rxd3 gxf4 33.
Rf3 fxg3 34. Rxg3+ Kf7 35. Kc2 Ke7 36. Rg7+ Rf7 37. Rg5 Rf2+ 38. Kb3 Kd6 39.
Rh5 Rf7 40. Ka4 Kc6 41. a3 Ra7 42. b3 Rg7 43. Rh6+ Kc5 44. Rh4 Ra7 45. Rh5+ Kc6
46. b4 axb4+ 47. Kxb4 Rg7 48. a4 Kb7 49. Rh6 Re7 50. Rf6 Rg7 51. Rh6 Rf7 52. a5
bxa5+ 53. Kb5 a4 54. Rb6+ Kc7 55. Ra6 Kb7 56. c5 Rf5 57. Rxa4 h5 58. Rb4 Rg5
59. Rf4 Rg1 60. Rf7+ Kb8 61. Kb6 Rb1+ 62. Kc6 h4 63. Rh7 Rh1 64. Rh8+ Ka7 65.
Kc7 h3 66. c6 h2 67. Rh5 Ka6 68. Rh3 Ka5 69. Rh4 Ka6 70. Rh5 Ra1 71. Rxh2 Ka7
72. Rd2 Ka6 73. Kd7 Rh1 74. c7 Rh7+ 75. Kc6 Rh6+ 76. Rd6 Rh8 77. Rd8 1-0

[Event "Cto de Aragon por Equipos D. Honor"]
[Site "?"]
[Date "2020.02.22"]
[Round "5.18"]
[White "Cid Royo, Oscar"]
[Black "Remiro Juste, Fernando Jose"]
[Result "0-1"]
[WhiteElo "2021"]
[BlackElo "2194"]
[PlyCount "67"]
[EventDate "2020.01.25"]
[WhiteTeam "L'Aurora"]
[BlackTeam "Agrupacion A"]

1. d4 g6 2. c4 Nf6 3. Nc3 Bg7 4. e4 d6 5. f3 O-O 6. Be3 Nc6 7. Qd2 a6 8. Bd3 e5
9. d5 Nd4 10. Nge2 Nh5 11. Bh6 $2 Qh4+ 12. Kd1 Bxh6 13. Qxh6 Qf2 $19 14. Rg1 b5
$6 15. Kd2 Nxe2 16. Nxe2 Nf4 17. Raf1 Qc5 18. Nxf4 exf4 19. Qxf4 bxc4 20. Be2
Rb8 21. Rb1 $2 Rxb2+ 22. Rxb2 c3+ 23. Kd3 cxb2 24. Rb1 f5 25. Qe3 fxe4+ 26.
fxe4 Qa3+ 27. Kd2 Qxa2 28. Kc2 Qa5 29. Kxb2 Bd7 30. Kc1 Bb5 31. Bf3 Qa4 32. Kd2
Qa2+ 33. Kc1 Re8 34. Qc3 {Ilegible} 0-1

[Event "Cto de Aragon por Equipos D. Honor"]
[Site "?"]
[Date "2020.02.22"]
[Round "5.19"]
[White "Moreno Martin-Viveros, Alvaro"]
[Black "Fuentes Espuna, Juan Antonio"]
[Result "0-1"]
[WhiteElo "2160"]
[BlackElo "1963"]
[PlyCount "139"]
[EventDate "2020.01.25"]
[WhiteTeam "Agrupacion A"]
[BlackTeam "L'Aurora"]

1. d4 Nf6 2. Nf3 g6 3. Nc3 Bg7 4. e4 d6 5. Be2 O-O 6. O-O Bg4 7. Be3 Nc6 8. d5
Bxf3 9. Bxf3 Ne5 10. Be2 c5 11. f4 Ned7 12. a4 a6 13. Qd3 Rc8 14. Qc4 Qc7 15.
a5 Rfe8 16. Bf3 Ra8 17. Bf2 Reb8 18. Qe2 b5 19. axb6 Rxb6 20. e5 Ne8 21. e6 Nf8
22. exf7+ Kxf7 23. Ne4 Rab8 24. Ng5+ Kg8 25. Bg4 Bxb2 26. Rxa6 Rxa6 27. Qxa6
Nf6 28. Qe2 Nxg4 29. Qxg4 Qc8 30. Ne6 Nxe6 31. dxe6 Qf8 32. Bh4 Bd4+ 33. Kh1
Rb4 34. Qe2 Bf6 35. Be1 Rb2 36. f5 Kh8 37. fxg6 hxg6 38. Qd3 Kg7 39. Bc3 Rb6
40. Bxf6+ exf6 41. Qc3 Qd8 42. Re1 Qe7 43. Qd2 Rb4 44. c3 Rg4 45. Qa2 Rg5 46.
Qa6 Re5 47. Rxe5 fxe5 48. Qc8 Kf6 49. h4 e4 50. Kg1 Qxe6 51. Qh8+ Kf5 52. Qh6
e3 53. Qf8+ Ke4 54. Qf1 Qf5 55. Qc4+ Ke5 56. Qe2 Qb1+ 57. Kh2 Qe4 58. g3 d5 59.
Qb5 Qc2+ 60. Kh3 Qf5+ 61. Kh2 Qf2+ 62. Kh3 Qf5+ 63. Kg2 c4 64. Qe8+ Qe6 65.
Qh8+ $2 Kf5 66. Qb8 Qe4+ 67. Kh2 Qf3 68. Qb1+ Ke5 69. Qb8+ Ke4 70. Qh8 0-1

[Event "Cto de Aragon por Equipos D. Honor"]
[Site "?"]
[Date "2020.02.22"]
[Round "5.20"]
[White "Pellicer Cemeli, Jose Luis"]
[Black "Lacruz Algarate, Alvaro"]
[Result "1/2-1/2"]
[WhiteElo "1953"]
[BlackElo "2121"]
[PlyCount "50"]
[EventDate "2020.01.25"]
[WhiteTeam "L'Aurora"]
[BlackTeam "Agrupacion A"]

1. Nf3 Nf6 2. b3 e6 3. Bb2 Be7 4. e3 O-O 5. Be2 b6 6. O-O Bb7 7. Ne5 d6 8. Bf3
c6 9. Ng4 Nbd7 10. c4 Qc7 11. Nxf6+ Bxf6 12. d4 c5 13. Na3 a6 14. Rc1 Rac8 15.
Qe2 Rfd8 16. Rfd1 Qb8 17. Nc2 Qa8 18. Ne1 h6 19. Bxb7 Qxb7 20. Qg4 b5 21. Nd3
bxc4 22. bxc4 Nb6 23. dxc5 Bxb2 24. Nxb2 Rxc5 25. Nd3 Rg5 1/2-1/2

[Event "Cto de Aragon por Equipos D. Honor"]
[Site "?"]
[Date "2020.02.22"]
[Round "5.21"]
[White "Garcia Fernandez, Javier"]
[Black "Garza Marco, Sergio"]
[Result "1/2-1/2"]
[WhiteElo "2171"]
[BlackElo "2402"]
[PlyCount "110"]
[EventDate "2020.01.25"]
[WhiteTeam "Teruel"]
[BlackTeam "Helios"]

1. d4 f5 2. g3 Nf6 3. Bg2 g6 4. Nh3 Bg7 5. Nf4 Nc6 6. c3 e5 7. dxe5 Nxe5 8. Qb3
c6 9. c4 Qe7 10. h4 Nfg4 11. f3 Nf6 12. h5 gxh5 13. Bd2 d6 14. Na3 Be6 15. Bh3
Bd7 16. O-O-O Nf7 17. Qd3 Qe5 18. Bc3 Qc5 19. b4 Qf2 20. Rhf1 Qxg3 21. Qe3+ Kf8
22. Rg1 Qxf4 23. Qxf4 Bh6 24. Qxh6+ Nxh6 25. Bxf6 Rg8 26. Rxg8+ Nxg8 27. Rxd6
a5 28. Bc3 Ke7 29. Rd2 axb4 30. Bxb4+ Ke8 31. e4 Ra4 32. Nc2 c5 33. Bxc5 Rxc4
34. Be3 Ne7 35. Kb2 Bc8 36. Na3 Ra4 37. Kb3 Ra6 38. Nb5 Be6+ 39. Kb4 Kf7 40.
Nd6+ Kf6 41. a4 Nc6+ 42. Ka3 f4 43. Ne8+ Ke5 44. Bxf4+ Kxf4 45. Bxe6 Ne5 46.
Rd6 Nxf3 47. Bf5 h4 48. Rd7 b5 49. Rxh7 Rxa4+ 50. Kb2 Rb4+ 51. Kc3 Rc4+ 52. Kb2
Rb4+ 53. Ka3 Ra4+ 54. Kb2 Rb4+ 55. Ka3 Ra4+ 1/2-1/2

[Event "Cto de Aragon por Equipos D. Honor"]
[Site "?"]
[Date "2020.02.22"]
[Round "5.22"]
[White "Calvo Simon, Jorge"]
[Black "Dominguez Bujeda, Jesus"]
[Result "1-0"]
[WhiteElo "2213"]
[BlackElo "2079"]
[PlyCount "81"]
[EventDate "2020.01.25"]
[WhiteTeam "Helios"]
[BlackTeam "Teruel"]

1. g3 d5 2. Bg2 e5 3. c4 d4 4. d3 Nf6 5. Nf3 Nc6 6. O-O Be7 7. a3 a5 8. Re1 O-O
9. e3 Nd7 10. exd4 exd4 11. Nbd2 Nc5 12. Nb3 Bg4 13. Nxc5 Bxc5 14. Qb3 Qd7 15.
Bd2 a4 16. Qb5 Bb6 17. Bb4 Rfe8 18. Rxe8+ Qxe8 19. Re1 Qd7 20. Ng5 h6 21. h3
Nxb4 22. Qxb4 hxg5 23. hxg4 Re8 24. Rxe8+ Qxe8 25. c5 Ba7 26. Qa5 Qb8 27. Be4
c6 28. Kg2 g6 29. Qb4 Qf8 30. Qxb7 Qxc5 31. Bxc6 Qb6 32. Kf3 Kg7 33. Qxb6 Bxb6
34. Ke4 Kf6 35. Bxa4 Ke7 36. Kd5 f5 37. b4 Kf6 38. gxf5 Kxf5 39. Bd7+ Kf6 40.
a4 Ke7 41. Kc6 1-0

[Event "Cto de Aragon por Equipos D. Honor"]
[Site "?"]
[Date "2020.02.22"]
[Round "5.23"]
[White "Gomez Calomarde, Saul"]
[Black "Guzman Moneo, Alberto"]
[Result "1/2-1/2"]
[WhiteElo "2030"]
[BlackElo "2175"]
[PlyCount "108"]
[EventDate "2020.01.25"]
[WhiteTeam "Teruel"]
[BlackTeam "Helios"]

1. Nf3 g6 2. d4 c5 3. d5 Bg7 4. e4 Nf6 5. Nc3 O-O 6. h3 d6 7. Bd3 e5 8. Bg5 h6
9. Be3 Nh5 10. Qc1 Nf4 11. Bxf4 exf4 12. Qxf4 f5 13. O-O g5 14. Qd2 g4 15. hxg4
fxg4 16. Ne1 Nd7 17. Ne2 Ne5 18. c3 Qh4 19. Qe3 Bd7 20. f4 gxf3 21. Nxf3 Nxf3+
22. Rxf3 Be5 23. g3 Qh5 24. Raf1 Rxf3 25. Rxf3 Bg4 26. Nf4 Qg5 27. Rf2 Rf8 28.
Ng2 Rxf2 29. Qxg5+ hxg5 30. Kxf2 Bd7 31. Ne3 b5 32. Be2 Kf8 33. Kf3 Ke7 34. Kf2
b4 35. cxb4 cxb4 36. b3 Bd4 37. Kf3 Kf6 38. Nc4 Bc5 39. Bd3 Be8 40. Bf1 Bh5+
41. g4 Be8 42. Ne3 Bxe3 43. Kxe3 Ke5 44. Ba6 Bd7 45. Be2 Bc8 46. Bf3 Ba6 47.
Bd1 Bb5 48. Bc2 Bf1 49. Bd1 Bg2 50. Bc2 a5 51. Bd3 Bh1 52. Bc2 Bg2 53. Bd3 Bh1
54. Bc2 Bg2 1/2-1/2